Welcome to CU Library Online Public Access Catalogue (OPAC)

The Vedānta sutras of Bādarāyaṇa / (Record no. 5043)

MARC details
000 -LEADER
fixed length control field 00987cam a22003251 4500
001 - CONTROL NUMBER
control field 17044956
003 - CONTROL NUMBER IDENTIFIER
control field OSt
005 - DATE AND TIME OF LATEST TRANSACTION
control field 20250321130443.0
008 - FIXED-LENGTH DATA ELEMENTS--GENERAL INFORMATION
fixed length control field 111114s1962 nyu 000 0 eng
010 ## - LIBRARY OF CONGRESS CONTROL NUMBER
LC control number tmp96028865
040 ## - CATALOGING SOURCE
Original cataloging agency DLC
Transcribing agency DLC
Modifying agency DLC
050 00 - LIBRARY OF CONGRESS CALL NUMBER
Classification number B132.V3
Item number B2 1962b
100 0# - MAIN ENTRY--PERSONAL NAME
Personal name Thibaut, George
Relator term Translator
245 14 - TITLE STATEMENT
Title The Vedānta sutras of Bādarāyaṇa /
Statement of responsibility, etc. with the commentary by Śaṅkara ; translated by George Thibaut.
250 ## - EDITION STATEMENT
Edition statement New Dover ed.
260 ## - PUBLICATION, DISTRIBUTION, ETC.
Place of publication, distribution, etc. New York :
Name of publisher, distributor, etc. Dover,
Date of publication, distribution, etc. c1962
300 ## - PHYSICAL DESCRIPTION
Extent ix,448p;
Dimensions 22 cm.
Other physical details Ill
490 1# - SERIES STATEMENT
Series statement Sacred Books of the East
Volume/sequential designation 34, 38
650 #0 - SUBJECT ADDED ENTRY--TOPICAL TERM
Topical term or geographic name entry element Vedanta.
650 #0 - SUBJECT ADDED ENTRY--TOPICAL TERM
Topical term or geographic name entry element Brahmanism.
650 #0 - SUBJECT ADDED ENTRY--TOPICAL TERM
Topical term or geographic name entry element Bhakti.
700 1# - ADDED ENTRY--PERSONAL NAME
Personal name Thibaut, G.
Fuller form of name (George),
Dates associated with a name 1848-1914.
700 0# - ADDED ENTRY--PERSONAL NAME
Personal name Śaṅkarācārya.
700 0# - ADDED ENTRY--PERSONAL NAME
Personal name Rãmãnuja.
830 #0 - SERIES ADDED ENTRY--UNIFORM TITLE
Uniform title Sacred Books of the East ;
Volume/sequential designation 34, 38
906 ## - LOCAL DATA ELEMENT F, LDF (RLIN)
a 0
b cbc
c premunv
d 3
e ncip
f 19
g y-gencatlg
942 ## - ADDED ENTRY ELEMENTS (KOHA)
Source of classification or shelving scheme Library of Congress Classification
Koha item type Books
Suppress in OPAC No
Holdings
Withdrawn status Lost status Source of classification or shelving scheme Damaged status Not for loan Collection Home library Current library Shelving location Date acquired Total checkouts Full call number Barcode Date last seen Price effective from Koha item type
    Library of Congress Classification     Non-fiction Main Library (Kumasi) Main Library (Kumasi) General stacks 03/19/2025   B132.V3B2 BAD bssk00000003 03/21/2025 03/21/2025 Books
© 2023-2024 Copyright: Central University Libraries. All Rights Reserved | Created by: Mahone Tech Office